Telecommunications in an information age
Na minha lista:
| Formato: | Livro |
|---|---|
| Idioma: | inglês |
| Publicado em: |
Washington D.C.
U.S. Information Agency
[1998]
|
| Assuntos: | |
| Tags: |
Sem tags, seja o primeiro a adicionar uma tag!
|
MARC
| LEADER | 00000nam a2200000 4500 | ||
|---|---|---|---|
| 001 | c109579 | ||
| 005 | 20221221084831.9 | ||
| 041 | 0 | |a eng | |
| 044 | |a US | ||
| 245 | 1 | 0 | |a Telecommunications in an information age |
| 264 | 1 | |a Washington D.C. |b U.S. Information Agency |c [1998] | |
| 300 | |a 88 s. | ||
| 610 | 2 | 0 | |a telekomunikácie |
| 610 | 2 | 0 | |a informácie |
| 610 | 2 | 0 | |a komunikácia |
| 610 | 2 | 0 | |a technológie komunikačné |
| 610 | 2 | 0 | |a internet |
| 610 | 2 | 0 | |a legislatíva |
| 610 | 2 | 0 | |a spoločnosť informačná |
| 610 | 2 | 0 | |a stratégia informačná |
| 610 | 2 | 0 | |a trh |
| 610 | 2 | 0 | |a služby informačné |
| 610 | 2 | 0 | |a konkurencia |
| 610 | 2 | 0 | |a infraštruktúra informačná |
| 610 | 2 | 0 | |a technológie informačné |
| 610 | 2 | 0 | |a krajiny rozvojové |
| 610 | 2 | 0 | |a zákony |
| 610 | 2 | 0 | |a počítače |
| 610 | 2 | 0 | |a Amerika |
| 610 | 2 | 0 | |a USA |